| 000 | 01830nam0a2200385 4500 | ||
|---|---|---|---|
| 001 | RU\NLR\bibl\420002 | ||
| 005 | 20260406075631.0 | ||
| 010 |
_a5-296-00296-2 _93000 |
||
| 021 |
_aRU _b2003-25951 _91206 |
||
| 035 | _a(NLR Aleph) 000413938 | ||
| 090 |
_a652594 _c652594 |
||
| 100 | _a20030710d2003 |||y0rusy50 ca | ||
| 101 | 0 | _arus | |
| 102 | _aRU | ||
| 105 | _aa ||||||||| | ||
| 200 | 1 |
_aСюжетные игры в экологическом воспитании дошкольников _eИгровые обучающие ситуации с игрушками разного типа и лит. персонажами _eПособие для педагогов дошк. учреждений _fС.Н. Николаева, И.А. Комарова |
|
| 210 |
_aМ. _cГНОМ и Д _d2003 |
||
| 215 |
_a127 с., [4] л. цв. ил. _cил. _d21 |
||
| 320 | _aБиблиогр.: с. 122-123 | ||
| 606 | 0 |
_aДошкольники _jМетодические пособия _xЭкологическое воспитание _92108804 _3RU\NLR\auth\661274655 |
|
| 610 | 0 | _aЭкологическое воспитание в дошкольных учреждениях | |
| 610 | 0 | _aДидактические игры | |
| 675 |
_a373.2.033 _v3 _zrus |
||
| 686 |
_a14.23 _2rugasnti |
||
| 686 |
_a74.102 _2rubbk |
||
| 686 | _aЧ411.352.27 | ||
| 700 | 1 |
_4070 _7ca _8rus _aНиколаева _bС. Н. _cд-р пед. наук _f1940- _gСветлана Николаевна _922382 _3RU\NLR\AUTH\7739398 |
|
| 701 | 1 |
_4070 _aКомарова _bИ. А. _cканд. пед. наук _f1963- _gИрина Анатольевна _9214305 _3RU\NLR\AUTH\770214361 |
|
| 801 | 0 |
_aRU _bRKP _c20030710 _gPSBO |
|
| 801 | 1 |
_aRU _bRKP _c20030710 |
|
| 801 | 2 |
_aRU _bNLR _c20120202 _grcr |
|
| 942 | _cBOOK | ||
| 980 | _aNB | ||